000 00335nam a2200133Ia 4500
008 220530s9999 xx 000 0 und d
041 _aeng
082 _a891.46
_bTEJ
100 _aTejparkhi Sirshree
_956056
245 _aNirnay Aani Jababdari (Marathi)
260 _aPune
_bWOW Publication
300 _a224 P
_bPB
906 _a28
_bGB
999 _c50905
_d50905